00580pab a2200181 454500008004000000100001600040245012700056260000900183300001600192362000800208650001600216650001400232650001700246773001500263909001100278999001900289952009000308180718b2015 xxu||||| |||| 00| 0 eng d aMills, Alex aReforms to judicial review in the Criminal Justice and Courts Act 2015: promoting efficiency or weakening the rule of law? c2015 ap. 583-595. aOct aRule of law aJudiciary aCriminal law aPublic Law a110241 c110236d110236 00104070aIIPAbIIPAd2018-07-19hIssue no: 4pAR110701r2018-07-19w2018-07-19yAR